Плавание : от массовости к мастерству

Bibliographische Detailangaben
1. Verfasser: Сахновский К. П. Константин Павлович
Zusammenfassung:Исключено из фонда НТБ ТПУ
Sprache:Russisch
Veröffentlicht: Киев, Здоров"я, 1986
Format: MixedMaterials Buch
KOHA link:https://koha.lib.tpu.ru/cgi-bin/koha/opac-detail.pl?biblionumber=130973

MARC

LEADER 00000nam0a2200000 4500
001 130973
005 20231031134128.0
020 |a RU  |b 86-68728 
035 |a (RuTPU)RU\TPU\book\141855 
090 |a 130973 
100 |a 20080211d1986 m y0rusy5003 ca 
101 0 |a rus 
102 |a UA 
105 |a a z 001zy 
200 1 |a Плавание : от массовости к мастерству  |f К. П. Сахновский 
210 |a Киев  |c Здоров"я  |d 1986 
215 |a 72 с.  |c ил. 
333 |a Исключено из фонда НТБ ТПУ 
700 1 |a Сахновский  |b К. П.  |g Константин Павлович 
801 0 |a RU  |b RuMRKP  |c 19950704  |g psbo 
801 1 |a RU  |b 63413507  |c 20080211  |g PSBO 
801 2 |a RU  |b 63413507  |c 20220602  |g PSBO 
942 |c BK